000 01139nam a2200313Ia 4500
005 20180312143024.0
008 130821s2001 mx a gr spa
020 _z9681664124
020 _a9789681664121 (2a.Ed.)
020 _a9786071615206 (3a.Ed.)
040 _aCo-BoUCM
_bspa
_cSaul Niño (Modificó)
_d[Nuevo]
041 0 0 _aspa
100 1 _aMartínez, Joan
_985991
245 1 0 _aEconomía ecológica y política ambiental
_cJoan Martínez y Jordi Jusmet
250 _a3a Ed
260 _aMéxico D.F. (México)
_bFondo de Cultura Económica
_c2013
300 _a641 páginas
_btablas
490 0 _aColección Economía
490 0 _aSección de obras de economía
650 0 4 _aDesarrollo económico
_xAspectos ambientales
_947191
650 0 4 _aEcología
_xAspectos económicos
_913631
650 0 4 _aMedio ambiente
_919225
650 0 4 _aMedio ambiente
_xAspectos económicos
_937069
650 0 4 _aPolítica ambiental
_921917
650 0 4 _aRecursos naturales
_xAspectos económicos
_971379
700 1 _aJusmet, Jordi
_985992
942 _cLIBRORESER
_2DEWEY
_a7
_e3
_h333.7
_mM385e
_n0
999 _c73492
_d73492